Contemporary existentialism and Christian faith /

में बचाया:
ग्रंथसूची विवरण
मुख्य लेखक: Williams, J. Rodman
स्वरूप: पुस्तक
भाषा:अंग्रेज़ी
प्रकाशित: Englewood Cliffs : Prentice-Hall, c1965.
विषय:
टैग: टैग जोड़ें
कोई टैग नहीं, इस रिकॉर्ड को टैग करने वाले पहले व्यक्ति बनें!

MARC

LEADER 00000cam a22000002a 4500
001 0000004900
003 DAYSTAR
005 20181113092432.0
008 030703s1965 xx 001 0 eng d
999 |c 512  |d 512 
040 |a Daystar  |d BNjogu  |c DUL 
050 0 0 |a B819  |b .W524 
100 1 |a Williams, J. Rodman.  |9 4252 
245 1 0 |a Contemporary existentialism and Christian faith /  |c J. Rodman Williams. 
260 |a Englewood Cliffs :  |b Prentice-Hall,  |c c1965. 
300 |a xi,180p. 
650 0 |a Existentialism.  |9 4253 
908 |a 060412 
942 |c BK  |2 lcc